| 000 | 01549cam a2200397 i 4500 | ||
|---|---|---|---|
| 001 | 57303 | ||
| 003 | Mx-PuUPA | ||
| 005 | 20250605150946.0 | ||
| 008 | 140415s2013 ck a gr 001 0 spa d | ||
| 020 |
_a9789584234780 _qISBN 13 |
||
| 020 |
_a9584234781 _qISBN 10 |
||
| 040 |
_cMx-PuUPA _aMx-PuUPA _bspa _dMx-PuUPA _erda |
||
| 041 | 0 | _aspa | |
| 043 | _ae-vc--- | ||
| 100 | 1 |
_aVelásquez O., César Mauricio, _917131 _eautor |
|
| 245 | 1 | 3 |
_aDe Benedicto a Francisco : _blos 30 días que cambiaron la iglesia / _cCésar Mauricio Velázquez O., Andrés Beltramo Álvarez |
| 250 |
_aSegunda edición / _babril |
||
| 264 | 1 |
_aBogotá : _bEditorial Planeta Colombiana, _c2013 |
|
| 300 |
_a188 páginas, 16 láminas sin numerar (blanco y negro) : _bilustraciones ; _c23 cm |
||
| 336 |
_2rdacontent _atexto _btxt |
||
| 337 |
_2rdamedia _asin medio _bn |
||
| 338 |
_2rdacarrier _avolumen _bnc |
||
| 490 | 0 | _aDocumentos | |
| 600 | 1 | 4 |
_aBenedicto XVI _cPapa _y1927-2022 |
| 600 | 1 | 4 |
_aFrancisco _cPapa _y1936-2025 |
| 650 | 7 |
_2armarc _aPapado _xHistoria _ySiglo XXI |
|
| 650 | 7 |
_2armarc _aIglesia católica _xPapa (2005-2013: Benedicto XVI) _vCrítica e interpretación |
|
| 650 | 7 |
_2armarc _aIglesia católica _xPapa (2013-2025: Francisco) _vCrítica e interpretación |
|
| 651 | _aCiudad del Vaticano | ||
| 700 | 1 |
_aBeltramo Álvarez, Andrés, _eautor |
|
| 942 |
_2ddc _cLI _h262.13 _iV43 |
||
| 999 |
_c57303 _d57303 |
||